=LDR 00000nam 2200000 4500 =001 NUTBA000000000000154 =005 20230510012311 =035 ##$$a 0010-031400000000153 =008 230510################g##########0#ind## =020 ##$$a 978-979-007-383-8 =090 ##$$b 345 =100 ##$$a Mahrus Ali =245 1#$$a Dasar-Dasar Hukum Pidana /$c Mahrus Ali, SH., MH. =250 ##$$a Cet.3 =260 ##$$a Jakarta :$b Sinar Grafika,$c 2015 =300 ##$$a xii, 296 hlm ; $c 23 x 15 cm. =850 ##$$a nbpnmat =082 ##$$a 345 =084 ##$$a 345 MAH d =650 #4$$a Hukum Pidana =504 ##$$a Bibliografi : hlm.259-272 =990 ##$$a 21302957 =990 ##$$a 21302954 =990 ##$$a 21302955 =990 ##$$a 21302956 =990 ##$$a 21302958 =990 ##$$a 21704835 =990 ##$$a 21704834 =990 ##$$a 21704833 =990 ##$$a 21704832 =990 ##$$a 21704831